[Event "TCh-FRA Top 12 2014"]
[Site "Saint-Quentin FRA"]
[Date "2014.05.24"]
[Round "1.1"]
[White "Riazantsev, Alexander"]
[Black "Istratescu, Andrei"]
[Result "1/2-1/2"]
[WhiteTitle "GM"]
[BlackTitle "GM"]
[WhiteElo "2692"]
[BlackElo "2667"]
[WhiteTeam "Club d'Echecs Metz Fischer"]
[BlackTeam "Evry Grand Roque"]
[WhiteFideId "4125029"]
[BlackFideId "1200372"]
[EventDate "2014.05.24"]

1. d4 Nf6 2. c4 e6 3. Nf3 d5 4. Nc3 Bb4 5. cxd5 exd5 6. Bg5 h6 7. Bh4 c5 8. dxc5
g5 9. Bg3 Nc6 10. e3 Ne4 11. Rc1 Qa5 12. Be2 Bxc3+ 13. bxc3 Nxc3 14. Qd2 Nxe2
15. Qxa5 Nxa5 16. Kxe2 b6 17. Rhd1 Ba6+ 18. Ke1 Bc4 19. Nd2 Bxa2 20. Rc2 Bc4 21.
cxb6 axb6 22. Nxc4 dxc4 23. Bc7 O-O 24. Bxb6 Rfb8 25. Bxa5 Rxa5 26. Rxc4 Rb2 27.
Rcd4 Kg7 28. h3 Raa2 29. R4d2 Kg6 30. Rxb2 Rxb2 31. Rd2 Rb4 32. Ke2 h5 33. Rd4
Rb2+ 34. Kf3 h4 35. g3 hxg3 36. Kxg3 f6 37. e4 Rb1 38. Rd6 Rg1+ 39. Kh2 Re1 40.
f3 Kf7 41. Kg2 Ke7 42. Rd5 Ke6 43. Rf5 Ra1 44. h4 gxh4 45. Rh5 Ra3 46. Rxh4 f5
47. Rh6+ Ke7 48. exf5 Ra5 49. f6+ Kf7 50. Kg3 Rb5 51. Kg4 Ra5 52. f4 Rb5 53. Kf3 1/2-1/2

[Event "TCh-FRA Top 12 2014"]
[Site "Saint-Quentin FRA"]
[Date "2014.05.24"]
[Round "1.2"]
[White "Gharamian, Tigran"]
[Black "Svetushkin, Dmitry"]
[Result "1/2-1/2"]
[WhiteTitle "GM"]
[BlackTitle "GM"]
[WhiteElo "2655"]
[BlackElo "2544"]
[WhiteTeam "Evry Grand Roque"]
[BlackTeam "Club d'Echecs Metz Fischer"]
[WhiteFideId "13301527"]
[BlackFideId "13900463"]
[EventDate "2014.05.24"]

1. e4 c6 2. d4 d5 3. Nc3 dxe4 4. Nxe4 Bf5 5. Ng3 Bg6 6. h4 h6 7. Nf3 Nd7 8. h5
Bh7 9. Bd3 Bxd3 10. Qxd3 e6 11. Bd2 Ngf6 12. O-O-O Qc7 13. Ne4 O-O-O 14. g3 Be7
15. Kb1 c5 16. Bf4 Qc6 17. Nxf6 Bxf6 18. d5 exd5 19. Qxd5 Ne5 20. Qxc6+ Nxc6 21.
Nd2 Bg5 22. Bxg5 hxg5 23. Ne4 Rxd1+ 24. Rxd1 Rxh5 25. Nxc5 g4 26. Nd3 Ne5 27. c3
Nxd3 28. Rxd3 Rh2 29. f3 gxf3 30. Rxf3 Rg2 1/2-1/2

[Event "TCh-FRA Top 12 2014"]
[Site "Saint-Quentin FRA"]
[Date "2014.05.24"]
[Round "1.3"]
[White "Iordachescu, Viorel"]
[Black "Relange, Eloi"]
[Result "1-0"]
[WhiteTitle "GM"]
[BlackTitle "GM"]
[WhiteElo "2594"]
[BlackElo "2466"]
[WhiteTeam "Club d'Echecs Metz Fischer"]
[BlackTeam "Evry Grand Roque"]
[WhiteFideId "13900200"]
[BlackFideId "600822"]
[EventDate "2014.05.24"]

1. e4 c5 2. Nf3 e6 3. g3 b6 4. Bg2 Bb7 5. Qe2 d6 6. d4 cxd4 7. Nxd4 Nc6 8. Nxc6
Bxc6 9. O-O Nf6 10. Rd1 Nd7 11. Bf4 Qb8 12. Nc3 e5 13. Be3 Be7 14. Nd5 Bxd5 15.
Rxd5 O-O 16. a4 Rc8 17. c3 a6 18. Bh3 Rc7 19. Bxd7 Rxd7 20. c4 Rc7 21. b3 Rc6
22. Kg2 g6 23. Qd3 Qb7 24. Rd1 Rd8 25. f3 Kg7 26. Qd2 h5 27. f4 exf4 28. Bd4+
Bf6 29. Bxf6+ Kxf6 30. Qxf4+ Ke7 31. e5 dxe5 32. Qxe5+ Re6 33. Qg5+ f6 34. Qxg6
Rxd5 35. Rxd5 Kf8 36. Qxh5 Kg8 37. Kf2 Qe7 38. Qg4+ 1-0

[Event "TCh-FRA Top 12 2014"]
[Site "Saint-Quentin FRA"]
[Date "2014.05.24"]
[Round "1.4"]
[White "Gordon, Stephen J"]
[Black "Wirig, Anthony"]
[Result "0-1"]
[WhiteTitle "GM"]
[BlackTitle "GM"]
[WhiteElo "2493"]
[BlackElo "2488"]
[WhiteTeam "Evry Grand Roque"]
[BlackTeam "Club d'Echecs Metz Fischer"]
[WhiteFideId "411477"]
[BlackFideId "615013"]
[EventDate "2014.05.24"]

1. Nf3 Nc6 2. d4 d6 3. g3 e5 4. dxe5 dxe5 5. Qxd8+ Kxd8 6. Nc3 Bb4 7. Bd2 Bxc3
8. Bxc3 f6 9. O-O-O+ Ke8 10. Nh4 Nh6 11. h3 Nf5 12. Nxf5 Bxf5 13. g4 Be4 14. f3
Bg6 15. h4 h6 16. h5 Bf7 17. e3 Rd8 18. Bd3 Bd5 19. Be2 Ke7 20. Rhg1 Rhe8 21. b3
Kf8 22. Rdf1 Kg8 23. Rf2 Bf7 24. Bd1 Ne7 25. Bd2 Nc8 26. c4 b6 27. Bc2 Nd6 28.
Bc3 Kf8 29. Bb2 a5 30. Rff1 a4 31. f4 axb3 32. axb3 exf4 33. exf4 Re2 34. g5 Ne8
35. gxh6 gxh6 36. Bc3 Re3 37. Bd2 Rh3 38. Rh1 Rxh5 39. f5 Rxh1 40. Rxh1 h5 0-1

[Event "TCh-FRA Top 12 2014"]
[Site "Saint-Quentin FRA"]
[Date "2014.05.24"]
[Round "1.5"]
[White "Terrieux, Kevin"]
[Black "Moussard, Jules"]
[Result "1-0"]
[WhiteTitle "IM"]
[BlackTitle "IM"]
[WhiteElo "2416"]
[BlackElo "2440"]
[WhiteTeam "Club d'Echecs Metz Fischer"]
[BlackTeam "Evry Grand Roque"]
[WhiteFideId "622591"]
[BlackFideId "642908"]
[EventDate "2014.05.24"]

1. d4 Nf6 2. c4 b6 3. Nc3 Bb7 4. a3 e6 5. d5 g6 6. e4 d6 7. Nf3 Bg7 8. Be2 O-O
9. O-O Nbd7 10. Nd4 Nc5 11. f3 a5 12. Be3 a4 13. Rb1 Nfd7 14. Ndb5 e5 15. Bd3
Nxd3 16. Qxd3 f5 17. Qc2 f4 18. Bf2 g5 19. Nxa4 h5 20. b4 Ba6 21. Nac3 g4 22.
Qe2 Qg5 23. Kh1 Rac8 24. Na7 Rce8 25. Ncb5 Ra8 26. Ra1 Nf6 27. Qe1 Rf7 28. Bh4
Qg6 29. Nc6 Bf8 30. a4 Rg7 31. Rg1 Bc8 32. a5 Nh7 33. Nd8 Ng5 34. Bxg5 Qxg5 35.
Ne6 Bxe6 36. dxe6 c6 37. Nc3 bxa5 38. b5 cxb5 39. cxb5 Qg6 40. Nd5 Qxe6 41. b6
Rc8 42. Qe2 Qg6 43. Rxa5 h4 44. fxg4 h3 45. gxh3 f3 46. Qxf3 Rf7 47. Qf5 Qh6 48.
g5 Qh4 49. Nf6+ 1-0

[Event "TCh-FRA Top 12 2014"]
[Site "Saint-Quentin FRA"]
[Date "2014.05.24"]
[Round "1.6"]
[White "Sochacki, Christophe"]
[Black "Koch, Jean-Rene"]
[Result "1/2-1/2"]
[WhiteTitle "IM"]
[BlackTitle "IM"]
[WhiteElo "2449"]
[BlackElo "2455"]
[WhiteTeam "Evry Grand Roque"]
[BlackTeam "Club d'Echecs Metz Fischer"]
[WhiteFideId "662569"]
[BlackFideId "600148"]
[EventDate "2014.05.24"]

1. e4 e5 2. Nf3 Nf6 3. Nxe5 d6 4. Nf3 Nxe4 5. Nc3 Nxc3 6. dxc3 Be7 7. Bf4 Nc6 8.
Qd2 Be6 9. O-O-O Qd7 10. Kb1 a6 11. Nd4 Nxd4 12. cxd4 d5 13. Bd3 O-O-O 14. Rhe1
Bd6 15. Re2 Bxf4 16. Qxf4 Qd6 17. Qxd6 Rxd6 18. Rde1 Kd8 19. f4 Bd7 20. Re5 Re8
21. g3 h6 22. f5 f6 23. R5e3 Rxe3 24. Rxe3 Be8 25. Kc1 Rd7 26. Kd2 Re7 27. b3
Rxe3 28. Kxe3 Ke7 29. c4 dxc4 30. bxc4 Bf7 31. a3 a5 32. c5 b6 33. Be4 Bc4 34.
Bc6 Ba2 35. g4 Bc4 36. Kd2 Bf1 37. Ke3 Bc4 38. h4 Bf1 39. Kf4 Be2 40. g5 fxg5+
41. hxg5 1/2-1/2

[Event "TCh-FRA Top 12 2014"]
[Site "Saint-Quentin FRA"]
[Date "2014.05.24"]
[Round "1.8"]
[White "Bergez, Luc"]
[Black "Leconte, Maria"]
[Result "1-0"]
[WhiteTitle "IM"]
[BlackTitle "WGM"]
[WhiteElo "2380"]
[BlackElo "2259"]
[WhiteTeam "Evry Grand Roque"]
[BlackTeam "Club d'Echecs Metz Fischer"]
[WhiteFideId "606600"]
[BlackFideId "618446"]
[EventDate "2014.05.24"]

1. d4 d5 2. c4 e6 3. Nc3 Bb4 4. a3 Bxc3+ 5. bxc3 Nf6 6. e3 O-O 7. Bd3 b6 8. cxd5
exd5 9. Ne2 c5 10. O-O Ba6 11. dxc5 bxc5 12. Bxa6 Nxa6 13. c4 Rb8 14. Ra2 Nc7
15. Rd2 Rb6 16. Nf4 Rd6 17. Rd3 g5 18. Ne2 Ne4 19. Ng3 dxc4 20. Rxd6 Nxd6 21.
Bb2 f6 22. h4 Ndb5 23. a4 Qxd1 24. Rxd1 c3 25. Bc1 c2 26. Rd7 Nc3 27. Rxc7 Rd8
28. Rxc5 Rd1+ 29. Kh2 gxh4 30. Nh5 Ne2 31. Rxc2 Nxc1 32. Rc7 Nd3 33. Nxf6+ Kf8
34. Ne4 Ne5 35. Rxh7 a5 36. Rxh4 Rb1 37. Rh5 Nc4 38. Rc5 Rb4 39. Nc3 Ke7 40.
Rxa5 Rb3 41. Ra7+ Ke6 42. Ra6+ Kf7 43. Ne4 1-0

[Event "TCh-FRA Top 12 2014"]
[Site "Saint-Quentin FRA"]
[Date "2014.05.24"]
[Round "1.1"]
[White "Vazquez Igarza, Renier"]
[Black "Vachier-Lagrave, Maxime"]
[Result "1/2-1/2"]
[WhiteTitle "GM"]
[BlackTitle "GM"]
[WhiteElo "2601"]
[BlackElo "2758"]
[WhiteTeam "Echecs Club Montpellier"]
[BlackTeam "Clichy-Echecs-92"]
[WhiteFideId "3503054"]
[BlackFideId "623539"]
[EventDate "2014.05.24"]

1. Nf3 Nf6 2. c4 c5 3. Nc3 Nc6 4. g3 g6 5. Bg2 Bg7 6. O-O O-O 7. d4 cxd4 8. Nxd4
Qa5 9. e3 Rd8 10. Qe2 Qe5 11. Re1 e6 12. Nf3 Qa5 13. e4 d6 14. h3 Bd7 15. Bf4
Ne5 16. Red1 Ne8 17. Nxe5 Bxe5 18. Bxe5 dxe5 19. a3 Qc7 20. Bf1 Bc6 21. Qe3 Nf6
22. b4 b6 23. Rac1 Rxd1 24. Rxd1 Rc8 25. Be2 Kg7 26. Rd2 Qb8 27. f3 h6 28. Kh2
g5 29. Bd1 Rd8 30. Bb3 Qc7 31. Kg2 Rd7 32. Kf2 Qd8 33. Ke1 Bb7 34. Rxd7 Qxd7 1/2-1/2

[Event "TCh-FRA Top 12 2014"]
[Site "Saint-Quentin FRA"]
[Date "2014.05.24"]
[Round "1.2"]
[White "Fressinet, Laurent"]
[Black "Fier, Alexandr"]
[Result "1-0"]
[WhiteTitle "GM"]
[BlackTitle "GM"]
[WhiteElo "2711"]
[BlackElo "2575"]
[WhiteTeam "Clichy-Echecs-92"]
[BlackTeam "Echecs Club Montpellier"]
[WhiteFideId "608742"]
[BlackFideId "2107139"]
[EventDate "2014.05.24"]

1. Nf3 Nf6 2. g3 g6 3. Bg2 d5 4. c4 Bg7 5. O-O O-O 6. cxd5 Nxd5 7. Nc3 c5 8. Qa4
Nc6 9. Qc4 Nxc3 10. dxc3 Qb6 11. Qh4 h5 12. h3 Qa6 13. Re1 Bd7 14. Be3 Bf6 15.
Ng5 Kg7 16. Bxc5 Qb5 17. b4 Qa4 18. Rac1 Qxa2 19. Qf4 b6 20. Be3 e5 21. Qf3 Bxg5
22. Bxg5 f6 23. Red1 Qe6 24. Be3 Rac8 25. Qd5 Rfd8 26. Ra1 Qxd5 27. Rxd5 Rc7 28.
Rad1 Nb8 29. R5d3 Rdc8 30. c4 Bc6 31. Bd5 Bd7 32. Ra3 Nc6 33. Rda1 Nxb4 34. Rxa7
Nxd5 35. cxd5 Bxh3 36. Bxb6 Rf7 37. Rxf7+ Kxf7 38. Ra7+ Kf8 39. d6 Rc6 40. Ba5
Ke8 41. Re7+ Kf8 42. d7 1-0

[Event "TCh-FRA Top 12 2014"]
[Site "Saint-Quentin FRA"]
[Date "2014.05.24"]
[Round "1.3"]
[White "Mista, Aleksander"]
[Black "Matlakov, Maxim"]
[Result "1/2-1/2"]
[WhiteTitle "GM"]
[BlackTitle "GM"]
[WhiteElo "2593"]
[BlackElo "2689"]
[WhiteTeam "Echecs Club Montpellier"]
[BlackTeam "Clichy-Echecs-92"]
[WhiteFideId "1110381"]
[BlackFideId "4168003"]
[EventDate "2014.05.24"]

1. e4 c5 2. Nf3 e6 3. d4 cxd4 4. Nxd4 Nc6 5. Nc3 Qc7 6. Be2 a6 7. O-O b5 8. Nxc6
dxc6 9. Be3 Bb7 10. f4 c5 11. Bf3 b4 12. Na4 Nf6 13. c3 bxc3 14. Nxc3 Be7 15. e5
Nd7 16. Bxb7 Qxb7 17. Qf3 Rb8 18. Qxb7 Rxb7 19. b3 O-O 20. Rac1 Rc8 21. Rfd1 Nb6
22. Ne4 Nd5 23. Bxc5 Nxf4 24. Rc4 h6 25. Bd6 Rxc4 26. bxc4 Bd8 27. g3 Ng6 28.
Rd3 Bc7 29. Rb3 Ra7 30. Bc5 Ra8 31. Bd6 Ra7 32. Bc5 Ra8 33. Bd6 Ra7 34. Bc5 1/2-1/2

[Event "TCh-FRA Top 12 2014"]
[Site "Saint-Quentin FRA"]
[Date "2014.05.24"]
[Round "1.4"]
[White "Tregubov, Pavel V."]
[Black "Flear, Glenn C"]
[Result "1-0"]
[WhiteTitle "GM"]
[BlackTitle "GM"]
[WhiteElo "2616"]
[BlackElo "2488"]
[WhiteTeam "Clichy-Echecs-92"]
[BlackTeam "Echecs Club Montpellier"]
[WhiteFideId "4115341"]
[BlackFideId "400165"]
[EventDate "2014.05.24"]

1. d4 d5 2. c4 e6 3. Nc3 Nf6 4. cxd5 exd5 5. Bg5 Be7 6. e3 c6 7. Qc2 Nbd7 8. Bd3
Nh5 9. Bxe7 Qxe7 10. O-O-O Nb6 11. Kb1 g6 12. h3 Ng7 13. g4 Be6 14. f4 O-O-O 15.
Nf3 Kb8 16. Rhe1 f6 17. Rg1 c5 18. dxc5 Qxc5 19. f5 Bf7 20. Nd4 gxf5 21. gxf5
Rhg8 22. Qf2 Nc4 23. Bxc4 dxc4 24. Qf4+ Ka8 25. Rdf1 Qe7 26. Ndb5 a6 27. Nc7+
Ka7 28. e4 Nh5 29. Qf2+ b6 30. N7d5 Bxd5 31. exd5 Rxg1 32. Rxg1 Re8 33. Qh4 Qe3
34. Rd1 Qg5 35. Qxc4 Qxf5+ 36. Ka1 Rc8 37. Qa4 Qf4 38. Qa3 Qe5 39. Nb5+ Kb7 40.
Nd6+ 1-0

[Event "TCh-FRA Top 12 2014"]
[Site "Saint-Quentin FRA"]
[Date "2014.05.24"]
[Round "1.5"]
[White "Libiszewski, Fabien"]
[Black "Van Wely, Loek"]
[Result "1/2-1/2"]
[WhiteTitle "GM"]
[BlackTitle "GM"]
[WhiteElo "2543"]
[BlackElo "2656"]
[WhiteTeam "Echecs Club Montpellier"]
[BlackTeam "Clichy-Echecs-92"]
[WhiteFideId "616834"]
[BlackFideId "1000268"]
[EventDate "2014.05.24"]

1. e4 c5 2. Nf3 e6 3. d4 cxd4 4. Nxd4 a6 5. Nc3 Qc7 6. Qf3 Nc6 7. Nxc6 bxc6 8.
Qg3 Qxg3 9. hxg3 d5 10. Na4 Rb8 11. b3 Bb4+ 12. c3 Bd6 13. Be3 Nf6 14. exd5 cxd5
15. Ba7 Rb7 16. Bb6 Ke7 17. Bxa6 Rxb6 18. Bxc8 Rc6 19. Bb7 Rc7 20. Ba6 Ne4 21.
Ke2 Ra8 22. Bd3 Nxc3+ 23. Nxc3 Rxc3 24. Rxh7 Be5 25. Rhh1 Rcc8 26. Rad1 Rxa2+
27. Rd2 Ra3 28. Rb1 Rc3 29. b4 Bd4 30. b5 Bb6 31. Rbb2 Kd6 32. Rbc2 d4 33. g4
Kd5 34. Rb2 g6 35. Bb1 Kc4 36. Ba2+ Kc5 37. Bb1 Bd8 38. Bd3 Bb6 39. Rb1 Kd5 40.
Rbb2 e5 41. f3 Ke6 42. Rbc2 Kd6 43. Rb2 e4 44. fxe4 Kc5 45. Rdc2 Ba5 46. Ra2
Rxc2+ 47. Rxc2+ Bc3 48. Kf3 g5 49. Rc1 f6 50. e5 fxe5 51. Ke4 Ra2 1/2-1/2

[Event "TCh-FRA Top 12 2014"]
[Site "Saint-Quentin FRA"]
[Date "2014.05.24"]
[Round "1.6"]
[White "Delorme, Axel"]
[Black "Buscara, Sevan"]
[Result "1-0"]
[WhiteTitle "IM"]
[BlackTitle "FM"]
[WhiteElo "2487"]
[BlackElo "2379"]
[WhiteTeam "Clichy-Echecs-92"]
[BlackTeam "Echecs Club Montpellier"]
[WhiteFideId "632023"]
[BlackFideId "650234"]
[EventDate "2014.05.24"]

1. Nf3 g6 2. e4 Bg7 3. d4 d6 4. Bc4 Nf6 5. Qe2 c6 6. e5 Nd5 7. h3 O-O 8. O-O a5
9. a4 dxe5 10. dxe5 Na6 11. Rd1 Qc7 12. Bxd5 cxd5 13. Nc3 Nb4 14. Nxd5 Nxd5 15.
Rxd5 Be6 16. Rd4 Rad8 17. Bf4 Bd5 18. Rad1 Bxf3 19. gxf3 Rxd4 20. Rxd4 Qb6 21.
c3 Qe6 22. Kg2 Rc8 23. Qb5 f6 24. Qxb7 fxe5 25. Rd7 Re8 26. Be3 Kh8 27. Qd5 1-0

[Event "TCh-FRA Top 12 2014"]
[Site "Saint-Quentin FRA"]
[Date "2014.05.24"]
[Round "1.7"]
[White "Touzane, Olivier"]
[Black "Lagarde, Maxime"]
[Result "0-1"]
[WhiteTitle "IM"]
[BlackTitle "GM"]
[WhiteElo "2325"]
[BlackElo "2510"]
[WhiteTeam "Echecs Club Montpellier"]
[BlackTeam "Clichy-Echecs-92"]
[WhiteFideId "602906"]
[BlackFideId "662399"]
[EventDate "2014.05.24"]

1. g3 f5 2. d4 Nf6 3. Bg2 g6 4. Nf3 Bg7 5. O-O O-O 6. c4 d6 7. Nc3 c6 8. d5 e5
9. dxe6 Bxe6 10. Qd3 Kh8 11. Bf4 d5 12. Rad1 Na6 13. Qe3 Re8 14. Bh6 Qb6 15.
Bxg7+ Kxg7 16. Nd4 Bd7 17. Qc1 c5 18. Ndb5 d4 19. Na4 Qa5 20. b3 Bxb5 21. cxb5
Qxb5 22. e3 dxe3 23. fxe3 Rad8 24. Nc3 Qb6 25. Nd5 Nxd5 26. Bxd5 Nb4 27. Qc3+
Qf6 28. Qxc5 Nxd5 29. Rxd5 Rxd5 30. Qxd5 b6 31. Qd2 Rd8 32. Qf2 Qc3 33. Re1 h5
34. h4 Re8 35. Re2 Re4 36. Kh2 Qe5 37. Qe1 Rxh4+ 38. Kg1 Rg4 39. Rg2 Re4 40. Kf2
h4 41. Qd2 hxg3+ 42. Rxg3 Rh4 43. Qd7+ Kh6 44. Qc6 Rg4 45. Rh3+ Kg5 46. Qa8 Qb2+
47. Kf1 Qb1+ 48. Kf2 Qxa2+ 49. Kf1 Qb1+ 50. Kf2 Qg1+ 51. Ke2 Rg2+ 52. Kd3 Qd1+
53. Kc3 Rc2+ 54. Kb4 Qd2+ 55. Kb5 Qa5# 0-1

[Event "TCh-FRA Top 12 2014"]
[Site "Saint-Quentin FRA"]
[Date "2014.05.24"]
[Round "1.8"]
[White "Skripchenko, Almira"]
[Black "Collas, Silvia"]
[Result "1-0"]
[WhiteTitle "IM"]
[BlackTitle "IM"]
[WhiteElo "2442"]
[BlackElo "2290"]
[WhiteTeam "Clichy-Echecs-92"]
[BlackTeam "Echecs Club Montpellier"]
[WhiteFideId "13900145"]
[BlackFideId "2902265"]
[EventDate "2014.05.24"]

1. e4 c5 2. Nf3 Nc6 3. Bb5 e6 4. O-O Nge7 5. b3 a6 6. Bxc6 Nxc6 7. Bb2 d6 8. d4
cxd4 9. Nxd4 Qc7 10. Re1 Be7 11. Nxc6 Qxc6 12. Bxg7 Rg8 13. Bb2 Bd7 14. c4 O-O-O
15. Nc3 f5 16. Qd2 Rg6 17. g3 Rf8 18. Nd5 Bd8 19. Nb4 Qb6 20. Bd4 Qa5 21. c5 e5
22. Bc3 Qxc5 23. Nd5 fxe4 24. b4 Qa7 25. Rxe4 Bc6 26. Re2 Bg5 27. Qd1 h5 28. a4
h4 29. b5 hxg3 30. hxg3 Bxd5 31. Qxd5 Bh4 32. Qc4+ Qc5 33. Qxc5+ dxc5 34. Bxe5
Re8 35. Rae1 Bd8 36. Rc1 b6 37. bxa6 Rg4 38. a5 Ra4 39. axb6 Bxb6 40. Rb2 Rxe5
41. Rxb6 Kc7 42. Rf6 Ra2 43. Rb1 Kc8 44. Rc6+ Kd7 45. Rh6 Kc8 46. Rh8+ Kc7 47.
Rb7+ Kc6 48. Rc8+ Kd6 49. a7 Re1+ 50. Kg2 Rea1 51. Rb6+ Kd5 52. Rb5 Rxa7 53.
Rbxc5+ Kd6 54. Rc1 R1a2 55. R8c2 R2a3 56. Rc3 Ra2 57. R1c2 Ra1 58. Re3 Rd1 59.
Kf3 Rf7+ 60. Ke2 Rd5 61. f4 Rh7 62. Kf3 Rd1 63. Rce2 Rd5 64. Re6+ Kd7 65. Rg6
Rh1 66. Re3 Ra5 67. Kg4 Rf1 68. Rg5 Ra8 69. Rg7+ Kd6 70. Rg6+ Kd7 71. Kf5 Rh1
72. Rg7+ Kd6 73. Re6+ Kd5 74. Rd7+ Kc5 75. g4 Rf1 76. g5 Ra4 77. Re4 Ra6 78.
Rde7 Ra8 79. g6 Rg1 80. Kf6 Kd5 81. R4e5+ Kd4 82. Rd7+ Kc4 83. f5 1-0

[Event "TCh-FRA Top 12 2014"]
[Site "Saint-Quentin FRA"]
[Date "2014.05.24"]
[Round "1.1"]
[White "Sokolov, Ivan"]
[Black "Navara, David"]
[Result "1/2-1/2"]
[WhiteTitle "GM"]
[BlackTitle "GM"]
[WhiteElo "2650"]
[BlackElo "2708"]
[WhiteTeam "L'Echiquier Chalonnais"]
[BlackTeam "Mulhouse Philidor"]
[WhiteFideId "14400030"]
[BlackFideId "309095"]
[EventDate "2014.05.24"]

1. d4 d5 2. Nf3 Nf6 3. c4 c6 4. cxd5 cxd5 5. Nc3 Nc6 6. Bf4 Bf5 7. Qb3 Na5 8.
Qa4+ Bd7 9. Qc2 e6 10. e3 Be7 11. Bd3 Nc6 12. a3 Nh5 13. Be5 f6 14. Bg3 f5 15.
Be5 O-O 16. h3 Nf6 17. g4 Ne4 18. gxf5 Rxf5 19. Bxe4 dxe4 20. Qxe4 Qb6 21. b4
Raf8 22. Rg1 R8f7 23. Bf4 Nxb4 24. axb4 Bc6 25. Qxe6 Qxb4 26. Kd2 Qb2+ 27. Kd3
Bxf3 28. Rxg7+ Kxg7 29. Rg1+ Kh8 30. Be5+ Rxe5 31. Qxe5+ Rf6 32. Qxe7 Be2+ 33.
Nxe2 Qb5+ 34. Kd2 Qb2+ 35. Kd3 1/2-1/2

[Event "TCh-FRA Top 12 2014"]
[Site "Saint-Quentin FRA"]
[Date "2014.05.24"]
[Round "1.2"]
[White "Wojtaszek, Radoslaw"]
[Black "Salgado Lopez, Ivan"]
[Result "1-0"]
[WhiteTitle "GM"]
[BlackTitle "GM"]
[WhiteElo "2724"]
[BlackElo "2627"]
[WhiteTeam "Mulhouse Philidor"]
[BlackTeam "L'Echiquier Chalonnais"]
[WhiteFideId "1118358"]
[BlackFideId "2257327"]
[EventDate "2014.05.24"]

1. Nf3 c5 2. c4 Nf6 3. d4 cxd4 4. Nxd4 b6 5. Nc3 Bb7 6. f3 Nc6 7. e4 e6 8. Be3
Bc5 9. Qd2 O-O 10. Be2 d5 11. Nxc6 Bxc6 12. Bxc5 bxc5 13. exd5 exd5 14. cxd5
Nxd5 15. O-O Qa5 16. Rfc1 Rfe8 17. Bf1 Rad8 18. Qf2 Nb6 19. Re1 h6 20. Rxe8+
Rxe8 21. Rc1 c4 22. a3 Qg5 23. Rd1 Bb7 24. Qd2 Qg6 25. Kf2 Kh7 26. Re1 Rxe1 27.
Kxe1 Bc8 28. Qd4 Bf5 29. Kd2 Qc6 30. Be2 Bg6 31. h4 h5 32. Bd1 Qc7 33. f4 Nd7
34. Be2 Qb7 35. Nd5 Nb6 36. Ne3 f6 37. Bf3 Qb8 38. Bc6 Bf7 39. Be4+ Kh8 40. Bc2
Kg8 41. g3 Qe8 42. Qe4 Qxe4 43. Bxe4 Kf8 44. Bc2 g6 45. Kc3 Ke7 46. Kd4 Kd6 47.
Bd1 1-0

[Event "TCh-FRA Top 12 2014"]
[Site "Saint-Quentin FRA"]
[Date "2014.05.24"]
[Round "1.3"]
[White "Krasenkow, Michal"]
[Black "Sokolov, Andrei1"]
[Result "1/2-1/2"]
[WhiteTitle "GM"]
[BlackTitle "GM"]
[WhiteElo "2635"]
[BlackElo "2560"]
[WhiteTeam "L'Echiquier Chalonnais"]
[BlackTeam "Mulhouse Philidor"]
[WhiteFideId "1113100"]
[BlackFideId "627089"]
[EventDate "2014.05.24"]

1. d4 Nf6 2. c4 e6 3. Nf3 Bb4+ 4. Nbd2 b6 5. a3 Bxd2+ 6. Bxd2 Bb7 7. Bg5 d6 8.
e3 Nbd7 9. Qc2 h6 10. Bh4 g5 11. Bg3 Ne4 12. Nd2 Nxg3 13. hxg3 Qe7 14. O-O-O
O-O-O 15. e4 h5 16. Nb1 h4 17. gxh4 Rxh4 18. Rxh4 gxh4 19. Nc3 Kb8 20. Kb1 Rg8
21. Qe2 Qg5 22. Ka2 Nf6 23. Qf3 Rg6 24. Rd3 Qc1 25. Rd1 Qg5 26. Rd3 Qc1 27. Rd1
Qg5 1/2-1/2

[Event "TCh-FRA Top 12 2014"]
[Site "Saint-Quentin FRA"]
[Date "2014.05.24"]
[Round "1.4"]
[White "Gajewski, Grzegorz"]
[Black "Sebag, Marie"]
[Result "1-0"]
[WhiteTitle "GM"]
[BlackTitle "GM"]
[WhiteElo "2641"]
[BlackElo "2486"]
[WhiteTeam "Mulhouse Philidor"]
[BlackTeam "L'Echiquier Chalonnais"]
[WhiteFideId "1116207"]
[BlackFideId "617822"]
[EventDate "2014.05.24"]

1. d4 d5 2. c4 c6 3. Nf3 Nf6 4. Nc3 e6 5. e3 Nbd7 6. Qc2 Bd6 7. b3 O-O 8. Be2 b6
9. O-O Bb7 10. Bb2 Qe7 11. Rae1 Rfe8 12. e4 Nxe4 13. Nxe4 dxe4 14. Qxe4 Nf6 15.
Qc2 Ba3 16. Bxa3 Qxa3 17. c5 Rad8 18. Rd1 Ba6 19. Bxa6 Qxa6 20. Ne5 b5 21. a4
bxa4 22. Qc4 Qxc4 23. bxc4 Rc8 24. Ra1 Red8 25. Rxa4 Rxd4 26. Rxa7 h6 27. f3 Rd2
28. Rb1 Rcd8 29. Nxc6 R8d3 30. Ne7+ Kh7 31. c6 Re3 32. Kh1 Ree2 33. Rg1 Ne8 34.
c7 Nxc7 35. Rxc7 Rc2 36. c5 f5 37. c6 Rc4 38. Rd7 1-0

[Event "TCh-FRA Top 12 2014"]
[Site "Saint-Quentin FRA"]
[Date "2014.05.24"]
[Round "1.5"]
[White "Dourerassou, Jonathan"]
[Black "Degraeve, Jean-Marc"]
[Result "1/2-1/2"]
[WhiteTitle "IM"]
[BlackTitle "GM"]
[WhiteElo "2502"]
[BlackElo "2576"]
[WhiteTeam "L'Echiquier Chalonnais"]
[BlackTeam "Mulhouse Philidor"]
[WhiteFideId "628050"]
[BlackFideId "600270"]
[EventDate "2014.05.24"]

1. e4 e5 2. Nf3 Nc6 3. Bb5 a6 4. Ba4 Nf6 5. O-O Be7 6. d3 b5 7. Bb3 d6 8. a4 Bg4
9. c3 O-O 10. Re1 Na5 11. Bc2 c5 12. Bg5 h6 13. Bh4 Nh7 14. Bxe7 Qxe7 15. h3
Bxf3 16. Qxf3 b4 17. Nd2 Rab8 18. d4 cxd4 19. cxd4 Ng5 20. Qd3 Ne6 21. Nf3 Nc6
22. d5 Nc5 23. Qe3 Na5 24. b3 Rfc8 25. Rec1 Rc7 26. Bd1 Rbc8 27. Rab1 Kh7 28. g3
g6 29. h4 Ncb7 30. Rxc7 Qxc7 31. Ne1 Qc5 32. Qf3 Kg7 33. h5 Qc3 34. Nd3 Qd4 35.
hxg6 fxg6 36. Be2 Rf8 37. Qe3 Qxe3 38. fxe3 Rc8 39. Nxb4 Nc5 40. Bxa6 Ra8 41.
Bb5 Naxb3 42. Rb2 Na5 43. Rc2 Kf6 44. Kg2 Nxe4 45. Rc7 Nc5 46. Kf3 Kg5 47. Nc6
Nab3 48. Rf7 e4+ 49. Kg2 Nxa4 50. Bxa4 Rxa4 51. Nd8 h5 52. Rf4 Kh6 53. Nf7+ Kg7
54. Nxd6 Ra2+ 55. Kh3 Rd2 56. Rf7+ Kg8 57. Rf6 Kh7 58. Nxe4 Rxd5 59. Rb6 Re5 60.
Rb7+ Kh6 61. Nf6 Nc5 62. Rb5 Kg7 63. Ne8+ Rxe8 64. Rxc5 Rxe3 65. Kh4 Re4+ 66.
Kh3 Kf6 67. Ra5 1/2-1/2